Nazionali con più gol per ogni edizione degli Europei - Statistics

Statistiche generali
  • Questo quiz è stato fatto 25 volte
    8 dall'ultimo reset
  • Il punteggio medio è 16 su 22
Statistiche sulle risposte
Edizione Gol segnati Nazionale % Corretto
1984 14 Francia
100%
2000 13 Francia
100%
2016 13 Francia
100%
1992 7 Germania
100%
1996 10 Germania
100%
2004 10 Inghilterra
100%
1968 3 Italia
100%
2020 13 Italia
100%
1964 4 Spagna
100%
2008 12 Spagna
100%
2012 12 Spagna
100%
2020 13 Spagna
100%
2024 15 Spagna
100%
1988 8 Paesi Bassi
86%
2000 13 Paesi Bassi
86%
1960 6 Jugoslavia
43%
2004 10 Repubblica Ceca
43%
1964 4 Ungheria
43%
1964 4 Unione Sovietica
29%
1972 5 Germania Ovest
0%
1976 6 Germania Ovest
0%
1980 6 Germania Ovest
0%
Nessun quiz corrispondente trovato
Distribuzione punteggi
Percentuale di utenti per punteggio
Percentile per numero di risposta
I tuoi punteggi nel tempo
Non hai fatto questo quiz dall'ultimo reset